Počítačová grafika a jazyk C /

Salvato in:
Dettagli Bibliografici
Autore principale: Sobota, Branislav (Autore)
Natura: Libro
Lingua:ceco
Pubblicazione: České Budějovice : Nakladatelství KOPP, 1995
Edizione:1.vyd.
Tags: Aggiungi Tag
Nessun Tag, puoi essere il primo ad aggiungerne!!

MARC

LEADER 00000nam a22000003a 4500
001 stu8580
005 20230512114737.7
008 960219s1995----xr------------------cze-d
020 |a 80-85828-52-9 
040 |a STU  |b slo 
041 0 |a cze 
044 |a xr 
080 |a 681.327.11  |7 stu_us_auth*stu9903 
080 |a 519.674 
080 |a 681.32.06 
080 |a C 
080 |a 519.682 
100 1 |a Sobota, Branislav  |4 aut 
245 1 |a Počítačová grafika a jazyk C /  |c [aut.] Sobota,Branislav 
250 |a 1.vyd. 
260 |a České Budějovice :  |b Nakladatelství KOPP,  |c 1995 
300 |a 272 s 
996 |b 284EK08077  |c E*80428  |l EE0101  |s P  |a 0  |w stu8580_0001 
996 |c I*12G5025  |l I  |s A  |a 24  |w stu8580_0002 
996 |b 284EK89977  |c E* 89977  |l EE01  |s A  |a 24  |w stu8580_0003